| 000 | 00448nam a22001697a 4500 | ||
|---|---|---|---|
| 005 | 20260311172949.0 | ||
| 008 | 260311b |||||||| |||| 00| 0 eng d | ||
| 020 | _a978-81-212-1820-7 | ||
| 041 | _aeng | ||
| 082 | _a305.800 954 | ||
| 100 |
_aROY, SARAT CHANDRA _98905 |
||
| 245 | _aTHE HILL BHUIYAS OF ORISSA | ||
| 260 |
_aNEW DELHI _bGYAN PUBLISHING HOUSE _c2018 |
||
| 300 | _a320;P | ||
| 650 |
_aBHARTIYA GYAN PARAMPARA _98906 |
||
| 942 | _cBK | ||
| 999 |
_c9094 _d9092 |
||